Responses for Show #1252 - Tuesday, January 30, 1990

Contestants

[<< previous game]

Nancy Austin, a teacher from Ellicott City, Maryland

Bill Forman, a law student originally from Philadelphia, Pennsylvania

Terry Ragazzini, a homemaker from Wilton, Connecticut (whose 1-day cash winnings total $6,601)

Jeopardy! Round responses

THE WILD WEST
PUBLISHING
1980s TELEVISION
FOOD TRIVIA
WORLD LEADERS
MISSING LINKS
    $100 7
Gunfight at the OK Corral

Bill
    $100 1
Jacqueline Kennedy Onassis

Nancy
    $100 15
Designing Women

Terry
    $100 26
Mustard

Bill
    $100 2
Fidel Castro

Bill
    $100 9
Equality

Bill
    $200 8
Stagecoach

Nancy
    $200 21
Reader's Digest

Nancy
    $200 16
The Wonder Years

Bill
    $200 27
Caviar

Nancy
    $200 3
(Nancy: What is the prize for literature?)

the Nobel Peace Prize

BillNancy
    $200 10
Pease Porridge Cold

Nancy
    $300 13
Annie Oakley

Terry
    $300 22
Katherine Graham

Terry
    $300 18
Quantum Leap

Terry
    $300 28
Oysters

Terry
    $300 4
Marshal Tito

Bill
    $300 11
Exodus

Nancy
    $400 14
Pat Garrett

Triple Stumper
    $400 23
Random House

Nancy
    $400 19
Nightingales

Bill
    $400 29
Pepper

Nancy
    $400 5
Nikita Khrushchev

Terry
    $400 12
Mesozoic Era

Nancy
    $500 17
Belle Starr

Bill
    $500 24
Horace Greeley

Bill
    $500 20
John Schuck

Terry
    $300 30
(Nancy: What are "Green Apples"?)
(Alex: No.)
(Nancy: [*]?)
(Alex: You didn't say "Little" the first time out; I've got to rule against you; the title is [*]. Let's see, a food in the title, no, can't accept "Green Apples" by itself.)

"Little Green Apples"

Nancy
    $500 6
Corazon Aquino (of the Philippines)

Bill
    $500 25
Lust (The Seven Deadly Sins)

Nancy

Scores at the first commercial break (after clue 16):

Terry Bill Nancy
$800 $1,500 $1,000

Scores at the end of the Jeopardy! Round:

Terry Bill Nancy
$2,200 $3,000 $2,400

Double Jeopardy! Round responses

PLAY SETTINGS
CHEMISTRY
QUOTES
RELIGION
FAMOUS NAMES
STATE FLOWERS
    $200 1
Dublin

Terry
    $200 17
Wood

Triple Stumper
    $200 16
Prayer

Bill
    $200 6
Cassius Clay/Muhammad Ali

Nancy
    $200 11
Apple Blossom

Terry
    $400 2
Mexico

Bill
    $400 18
His Brow

Triple Stumper
    $400 22
(we have a minute to go in the round....)

Jerusalem

Nancy
    $400 7
John Doe

Terry
    $400 12
Colorado

Nancy
    $600 3
Sophocles

Bill
    $600 28
[The end-of-round signal sounds.]

gas

Terry
    $600 19
Karl Marx

Bill
    $600 24
Jesuits (Society of Jesus)

Nancy
    $600 8
Jane (Goodall)

Terry
    $600 13
Ohio

Nancy
    $800 4
"The Phantom of the Opera"

Triple Stumper
    $800 26
Lightning

Nancy
    $500 20
Ernest Hemingway

Bill
    $800 27
Changing Water into Wine

Nancy
    $1,000 9
Composer (married to Gustav Mahler)

Terry
    $800 14
Goldenrod

Triple Stumper
    $1000 5
South Africa

Bill
    $1000 25
Ammonia

Triple Stumper
    $1000 21
"There will always be an England"

Bill
    $1000 23
Persia

Terry
    $1000 10
Zimmerman

Terry
    $1000 15
(N: What is the hyacinth?)

Lilacs

Nancy
Triple Stumper

Scores at the end of the Double Jeopardy! Round:

Terry Bill Nancy
$7,200 $7,300 $5,200

[wagering suggestions for these scores]

Final Jeopardy! Round responses

EUROPE
NancyWhat are Greece & Turkey?
$5,000
TerryWhat are Greece & Turkey?
$7,200
BillWhat are Greece & Yugoslavia?
$7,101
(2 of) Bulgaria, Greece & Yugoslavia

Final scores:

Terry Bill Nancy
$0 $14,401 $200
3rd place: Colortyme Table Model TV New champion: $14,401 2nd place: Trip to Hawaii

Game dynamics:

Coryat scores:

Terry Bill Nancy
$7,000 $7,600 $5,500
15 R
(including 1 DD),
0 W
18 R
(including 1 DD),
0 W
17 R,
3 W
(including 1 DD)

Combined Coryat: $20,100

[game clues] [game scores] [suggest correction]

Game tape date: 1989-09-26
The J! Archive is created by fans, for fans. Scraping, republication, monetization, and malicious use prohibited; this site may use cookies and collect identifying information. See terms. The Jeopardy! game show and all elements thereof, including but not limited to copyright and trademark thereto, are the property of Jeopardy Productions, Inc. and are protected under law. This website is not affiliated with, sponsored by, or operated by Jeopardy Productions, Inc. Join the discussion at JBoard.tv.